ONLINE PUBLIC ACCESS CATALOG(OPAC)

Autodesk Fusion 360 Basics Tutorial (Record no. 64067)

MARC details
000 -LEADER
fixed length control field 00358nam a2200145 4500
008 - FIXED-LENGTH DATA ELEMENTS--GENERAL INFORMATION
fixed length control field 251201b |||||||| |||| 00| 0 eng d
020 ## - INTERNATIONAL STANDARD BOOK NUMBER
International Standard Book Number 9798223477440
082 ## - DEWEY DECIMAL CLASSIFICATION NUMBER
Classification number 620.0042 TUT
100 ## - MAIN ENTRY--PERSONAL NAME
Personal name Tutorial Books
245 ## - TITLE STATEMENT
Title Autodesk Fusion 360 Basics Tutorial
260 ## - PUBLICATION, DISTRIBUTION, ETC. (IMPRINT)
Place of publication, distribution, etc Bangalore
Name of publisher, distributor, etc Kishore
Date of publication, distribution, etc 2023
300 ## - PHYSICAL DESCRIPTION
Extent 201
650 ## - SUBJECT ADDED ENTRY--TOPICAL TERM
Topical term or geographic name as entry element Design
942 ## - ADDED ENTRY ELEMENTS (KOHA)
Source of classification or shelving scheme Dewey Decimal Classification
Item type Reference
Holdings
Withdrawn status Lost status Source of classification or shelving scheme Damaged status Not for loan Collection code Home library Current library Shelving location Date acquired Source of acquisition Cost, normal purchase price Total Checkouts Full call number Barcode Date last seen Koha item type Public note
    Dewey Decimal Classification     Under Graduation College of Design and Digital Trans Media College of Design and Digital Trans Media Design and Digital trans media 01/12/2025 Ao Enterprises 3995.00   620.1 TUT DD400 01/12/2025 Reference Rack No.R14 Shelf No.8
    Dewey Decimal Classification     Under Graduation College of Design and Digital Trans Media College of Design and Digital Trans Media Design and Digital trans media 01/12/2025 Ao Enterprises 3995.00   620.1 TUT DD401 01/12/2025 Circulation Rack No.C11 Shelf No. 4

Powered by Koha